It looks like you're offline.
Open Library logo
additional options menu

MARC record from Internet Archive

LEADER: 00567cam a2200205 a 4500
001 83005212
003 DLC
005 20080125082542.0
008 830308s1981 mau d 000 1 eng
010 $a 83005212
020 $a0893406112 (pbk. : lg. print)
040 $aDLC$cDLC$dDLC
050 10 $aPS3576.O23$bM3 1981
082 00 $a813/.54$219
100 1 $aZochert, Donald.
245 14 $aThe man of glass /$cDonald Zochert.
260 $aSouth Yarmouth, Ma. :$bJ. Curley,$cc1981.
300 $a397 p. ;$c22 cm.
500 $a"Large print."--Spine.
650 0 $aLarge type books.